00297nam a2200121Ia 4500008004100000041000900041082001800050100002200068245003200090260003700122300000800159650000800167230718s9999 xx 000 0 und d aEng. a343.07bSHE-9 aSher Vami Aziz P. 0a99 Lectures on Business law aPakistanbReham Publishersc2009 a391 aLaw